Les jardins de l'asile: questions de clinique usitée et inusitée
Saved in:
| Institution som forfatter: | |
|---|---|
| Format: | Bog |
| Sprog: | fransk |
| Udgivet: |
París
Association Lacanienne Internationale
2008
|
| Fag: | |
| Tags: |
Tilføj Tag
Ingen Tags, Vær først til at tagge denne postø!
|
MARC
| LEADER | 00000cam a2200000 a 4500 | ||
|---|---|---|---|
| 001 | UCF9133 | ||
| 003 | CL-VaPUC | ||
| 005 | 20220315074422.0 | ||
| 008 | 131025e20080100fr 1 fre d | ||
| 020 | |a 9782876120662 | ||
| 082 | 0 | 4 | |a 150.195 |b ASS |2 21 |
| 110 | 2 | |a Association Lacanienne Internationale |e author |9 622008 | |
| 245 | 1 | 4 | |a Les jardins de l'asile: questions de clinique usitée et inusitée |
| 260 | |a París |b Association Lacanienne Internationale |c 2008 | ||
| 300 | |a 296 p | ||
| 583 | |a last modification |c 20190909 10:54:46 |k Rodrigo Vera | ||
| 650 | 0 | 0 | |a Psicología |9 257863 |
| 650 | 0 | 0 | |a Psicoanálisis |9 265702 |
| 650 | 0 | 0 | |a Congresos |9 257560 |
| 942 | |c BK | ||
| 945 | |a dcastane |d 20131025 12:28:00 | ||
| 546 | |a En Francés | ||
| 536 | |a Association Lacanienne Internationale | ||
| 518 | |p Journées d'Etude, 1, Paris, 14 et 15 janvier 2006 | ||
| 999 | |c 384741 |d 384739 | ||
| 952 | |0 0 |1 0 |3 erb |4 0 |6 150_195000000000000_ASS_2008 |7 0 |8 A |9 507673 |a BIBEDU |b BIBEDU |d 2020-01-23 |i 5019206 |o 150.195 ASS 2008 |p 5019206 |r 2020-01-23 |w 2020-01-23 |y BK |z Catalogado en:20131025 |k PSI | ||